000 00676nam a2200277Ia 4500
005 20260324131349.0
008 008 260324s9999 xx 000 0 eng d
020 _a9780429195365
037 _aEBOOK
040 _aCRL
040 _beng
040 _cCRL
041 _2eng
041 _aeng
084 _qCRL
100 _aM.A. Mikitaev; T.A. Borukaev
_91185240
245 0 _aPolybutilene Therephthalate (PBT), Synthesis and Properties
260 _bTaylor and Francis
260 _c2006
365 _a
365 _b560
856 _uhttp://www.taylorfrancis.com/books/9780429195365
942 _cEBOOK
999 _c1782308
_d1782308